Análisis estructural de una nave industrial de acero con diferentes configuraciones de aberturas sujeta a fuerzas de viento
Збережено в:
| Автор: | |
|---|---|
| Інші автори: | |
| Формат: | Книга |
| Мова: | Spanish |
| Опубліковано: |
[San José], Costa Rica,
2019.
|
| Предмети: | |
| Теги: |
Додати тег
Немає тегів, Будьте першим, хто поставить тег для цього запису!
|
MARC
| LEADER | 00000nam a22000007a 4500 | ||
|---|---|---|---|
| 003 | 013035 | ||
| 005 | 20230627113432.0 | ||
| 008 | 190509b2019 c a|||| |m|| 00| ||spa d | ||
| 040 | |c cru CEDI | ||
| 100 | |9 795 |a Johanning Cordero, Daniel, 1994- | ||
| 245 | |a Análisis estructural de una nave industrial de acero con diferentes configuraciones de aberturas sujeta a fuerzas de viento | ||
| 260 | |a [San José], Costa Rica, |c 2019. | ||
| 500 | |a Proyecto de graduación (licenciatura en ingeniería civil)--Universidad de Costa Rica. Facultad de Ingeniería. Escuela de Ingeniería Civil. | ||
| 501 | |a Director de Proyecto de Graduación: Ing. Rolando castillo Barahona, PhD. | ||
| 650 | |x ESTRUCTURAS DE ACERO |x VIENTOS - VELOCIDAD |x PRESION DEL VIENTO |x DISEÑO RESISTENTE AL VIENTO |x DISEÑO DE ESTRUCTURAS |x ESTRUCTURAS DE ACERO - DISEÑO | ||
| 700 | |9 274 |a Castillo Barahona, Rolando José, 1965- |d Director del TFG | ||
| 942 | |c CEDI |h TFG 8185 |6 TFG_8185_000000000000000 | ||
| 999 | |c 21677 |d 21677 | ||
